00753nam a2200229 a 450000100100000000500170001000800410002702000180006804000250008608200230011110000380013424500620017226000360023430000360027049000170030649000370032350000580036065000240041865000270044283000370046983000170050600002083220240412074249.0100818s2008 dr ac r 001 p spa d a9789945161786 aDO-SdBNPbspacBNPHU aRD861.44bJ61caí1 aJiménez, Miguel Antonio,d1955-10aCaída agonizante 1984-2008 /cMiguel Antonio Jiménez. aSanto Domingo :bBúho,c2008. a287 p. :bil., retrs. ;c22 cm.1 aHorizontev11 aTaller Literario César Vallejo aIncluye datos biográficos del autor en las solapas. 0aPoesía dominicana 0aLiteratura dominicana. 0aTaller Literario César Vallejo 0aHorizonten1